000
00300nam a22001217a 4500
008
170714b xxu||||| |||| 00| 0 eng d
041
_a
eng
080
_2
3 ED
_a
030
100
_a
24
101
_a
FHA
245
_a
MOSBYS POCKET DICTIONARY OF MEDICINE NURSING
_c
ANDERSON.K.N
942
_2
udc
_c
BK
999
_c
20896
_d
20896